Central Library OPAC University of Rajshahi

Indonesia / (Record no. 28476)

MARC details
000 -LEADER
fixed length control field 00678nam a22002531 4500
001 - CONTROL NUMBER
control field 28476
003 - CONTROL NUMBER IDENTIFIER
rucl marc code BD-RjUL
005 - DATE AND TIME OF LATEST TRANSACTION
control field 20211209051304.0
008 - FIXED-LENGTH DATA ELEMENTS--GENERAL INFORMATION
fixed length control field 140330s19721967enkc b 001 0 eng
035 ## - SYSTEM CONTROL NUMBER
System control number (BD-RjUL)28557
040 ## - CATALOGING SOURCE
Original cataloging agency DLC
Transcribing agency DLC
Modifying agency DLC
Language of cataloging eng
041 ## - LANGUAGE CODE
Language code of text/sound track or separate title eng
082 00 - DEWEY DECIMAL CLASSIFICATION NUMBER
Classification number 919.1
Author mark and year GRI 1972
100 1# - MAIN ENTRY--PERSONAL NAME
Personal name Grant, Bruce.
9 (RLIN) 72595
245 00 - TITLE STATEMENT
Title Indonesia /
Statement of responsibility, etc. Bruce Grant
260 ## - PUBLICATION, DISTRIBUTION, ETC. (IMPRINT)
Place of publication, distribution, etc. Harmondsworth, Eng. :
Name of publisher, distributor, etc. Penguin Books,
Date of publication, distribution, etc. 1967 [Reprinting 1972]
300 ## - PHYSICAL DESCRIPTION
Pagination xi, 247 p. :
Illustrations ill. ;
Size 18 cm.
490 0# - SERIES STATEMENT
Series statement A Penguin special
504 ## - BIBLIOGRAPHY, ETC. NOTE
Bibliography, etc includes index
651 #0 - SUBJECT ADDED ENTRY--GEOGRAPHIC NAME
Geographic name Indonesia.
9 (RLIN) 87204
942 ## - ADDED ENTRY ELEMENTS (KOHA)
Source of classification or shelving scheme Dewey Decimal Classification
Koha item type Books
Holdings
Lost status Source of classification or shelving scheme Damaged status Not for loan Collection code Permanent Location Current Location Shelving location Date acquired Source of acquisition Cost, normal purchase price Total Checkouts Full call number Date last seen Copy number Koha item type
  Dewey Decimal Classification   Added to bundle Non-fiction Central Library, University of Rajshahi Central Library, University of Rajshahi Reading Room 11/09/1973 Govt. Australia 0.00   919.1 GRI 1972 30/03/2014 C-1 Books